| 000 | 00859cam a2200205 4500 | ||
|---|---|---|---|
| 001 | WB3737-27 | ||
| 008 | 011003n2001 000 0 eng u | ||
| 035 | _a(Sirsi) u114984 | ||
| 245 | _aCountryside Stewardship - 10 years on | ||
| 260 | _c2001 | ||
| 490 |
_aDEFRA News Release _v(162/01) 1 October 2001, (2) |
||
| 520 | _aReviews the success of the Countryside Stewardship Scheme on its tenth anniversary which since 1991 has attracted around 12500 agreement holders with up to 3000 applications currently in the pipeline. For futher information on this and other schemes under the England Rural Development Programme see http://www.defra.gov.uk. | ||
| 590 | _aWB | ||
| 650 | _aCOUNTRYSIDE STEWARDSHIP | ||
| 650 | _aNATURE CONSERVATION | ||
| 650 | _aENGLAND RURAL DEVELOPMENT PROGRAMME | ||
| 650 | _aDEFRA | ||
| 690 |
_aRural _96268 |
||
| 942 | _n0 | ||
| 999 |
_c68466 _d68466 |
||